The sacred sites of the Dalai Lamas / (Record no. 1064)

MARC details
000 -LEADER
fixed length control field 01765cam a2200337 a 4500
005 - DATE AND TIME OF LATEST TRANSACTION
control field 20260322212045.0
008 - FIXED-LENGTH DATA ELEMENTS--GENERAL INFORMATION
fixed length control field data
010 ## - LIBRARY OF CONGRESS CONTROL NUMBER
LC control number 2011017823
020 ## - INTERNATIONAL STANDARD BOOK NUMBER
International Standard Book Number 9781611250060 (pbk.)
020 ## - INTERNATIONAL STANDARD BOOK NUMBER
International Standard Book Number 1611250064
040 ## - CATALOGING SOURCE
Original cataloging agency DLC
Transcribing agency DLC
Modifying agency DLC
042 ## - AUTHENTICATION CODE
Authentication code pcc
043 ## - GEOGRAPHIC AREA CODE
Geographic area code a-cc-ti
050 00 - LIBRARY OF CONGRESS CALL NUMBER
Classification number BQ6450.C62
Item number T5355 2011
082 00 - DEWEY DECIMAL CLASSIFICATION NUMBER
Classification number 294.3/4351
Edition information 23
084 ## - OTHER CLASSIFICATION NUMBER
Classification number REL007050
Number source bisacsh
092 ## - LOCALLY ASSIGNED DEWEY CALL NUMBER (OCLC)
Classification number 294 T535 2011
001 - CONTROL NUMBER
control field data
100 1# - MAIN ENTRY--PERSONAL NAME
Personal name Mullin, Glenn H.
245 14 - TITLE STATEMENT
Title The sacred sites of the Dalai Lamas /
Statement of responsibility, etc. Glenn H. Mullin.
260 ## - PUBLICATION, DISTRIBUTION, ETC.
Place of publication, distribution, etc. Studio City :
Name of publisher, distributor, etc. Divine Arts,
Date of publication, distribution, etc. 2011.
300 ## - PHYSICAL DESCRIPTION
Extent 182 p. :
Other physical details ill. (mostly col.) ;
Dimensions 21 cm.
505 8# - FORMATTED CONTENTS NOTE
Formatted contents note Machine generated contents note: The Kathmandu Valley -- Tsetang and the Yarlung Valley -- The Lhasa Experience -- The Kangyur Stupa and Three Lhasa Circuits -- Samye and Beyond -- Drak Yerpa, The Heart of Sacred Mountains -- The Sakya Patriarchs -- A Milarepa Cave -- Olkha Cholung and a Juniper Berry Enlightenment -- Jhampa Zhishi, Temple of the Radiant Maitreya Buddha -- Tashi Lhunpo and Tibet's "Father-Son" Legacy -- Metoktang and Gyal Monastery -- Lhamo Latso, the Oracle Lake -- Prologue -- The Crystal Rosary.
650 #0 - SUBJECT ADDED ENTRY--TOPICAL TERM
Topical term or geographic name entry element Buddhist pilgrims and pilgrimages
Geographic subdivision Tibet Autonomous Region.
-- Tibet Autonomous Region.
650 #0 - SUBJECT ADDED ENTRY--TOPICAL TERM
Topical term or geographic name entry element Dalai lamas.
650 #0 - SUBJECT ADDED ENTRY--TOPICAL TERM
Topical term or geographic name entry element Sacred space
Geographic subdivision Tibet Autonomous Region.
-- Tibet Autonomous Region.
650 #7 - SUBJECT ADDED ENTRY--TOPICAL TERM
Topical term or geographic name entry element RELIGION / Buddhism / Tibetan.
Source of heading or term bisacsh
906 ## - LOCAL DATA ELEMENT F, LDF (RLIN)
a 7
b cbc
c orignew
d 1
e ecip
f 20
g y-gencatlg
925 0# -
-- acquire
-- 2 shelf copies
-- policy default
-- claim1 2012-02-23
955 ## - COPY-LEVEL INFORMATION (RLIN)
-- rd08 2011-05-11
-- rc17 2012-04-20 CIP ver. to BCCD (telework)
-- xn03 2012-07-20 copy 2 added
Holdings
Withdrawn status Lost status Damaged status Not for loan Home library Current library Shelving location Date acquired Total checkouts Full call number Barcode Date last seen Price effective from Koha item type
        Fairfield Fairfield General stacks 22/03/2026   294.3/4351 23 BC0011098 22/03/2026 22/03/2026 Books